000 00897nam a2200253Ia 4500
003 OSt
005 20220923223507.0
006 a|||||r|||| 00| 0
007 ta
008 220922b |||||||| |||| 00| 0 hin d
024 _a217,770
037 _cTextual
040 _aARTS
_cARTS
_bhin
041 _2hin
_ahin
082 _aO152,3x, N6
100 _aजैनेन्द्र कुमार, संपा.
245 0 _aकहानी सकंलन
246 _aKahānī sakanlana
260 _aदिल्ली
_b राष्ट्रीय शैक्षिक अनुसधांन और प्रशिक्षण परिषद
_c1974
300 _a132i`
_ccm.
650 _aहिन्दी साहित्य
_9156264
942 _hO152,3x, N6
_cTEXL
_2CC
999 _c365736
_d365736